|
|
|
|
| LEADER |
00000nam2a2200000 4500 |
| 001 |
175517 |
| 005 |
20241210153011.0 |
| 035 |
|
|
|a (RuTPU)RU\TPU\book\190306
|
| 035 |
|
|
|a RU\TPU\book\190204
|
| 090 |
|
|
|a 175517
|
| 100 |
|
|
|a 20100215d1972 k y0rusy50 ca
|
| 101 |
0 |
|
|a rus
|
| 102 |
|
|
|a RU
|
| 105 |
|
|
|a a z 001yy
|
| 200 |
0 |
|
|a Вып. 431 : Материалы по геохимии и литологии
|d Материалы проблемной лаборатории осадочных формаций и осадочных руд
|e выпуск XII
|f отв. за вып. В. И. Троицкий
|
| 210 |
|
|
|a Ташкент
|d 1972
|
| 215 |
|
|
|a 254 с.
|c табл.
|
| 320 |
|
|
|a Библиогр. в конце ст.
|
| 461 |
|
0 |
|0 (RuTPU)RU\TPU\book\190193
|t Научные труды Ташкентского Государственного Университета им. В. Л. Ленина
|f Ташкентский Государственный Университет им. В. Л. Ленина
|v Вып. 431 : Материалы по геохимии и литологии
|d 1967-1976
|
| 610 |
1 |
|
|a геохимия
|
| 610 |
1 |
|
|a литология
|
| 610 |
1 |
|
|a осадочные формации
|
| 610 |
1 |
|
|a осадочные руды
|
| 610 |
1 |
|
|a палеогеография
|
| 610 |
1 |
|
|a Средняя Азия
|
| 610 |
1 |
|
|a фации
|
| 610 |
1 |
|
|a нефтеносные отложения
|
| 610 |
1 |
|
|a газоносные отложения
|
| 610 |
1 |
|
|a месторождения
|
| 675 |
|
|
|a 550.4
|v 3
|
| 675 |
|
|
|a 552.51
|v 3
|
| 702 |
|
1 |
|a Троицкий
|b В. И.
|4 540
|
| 801 |
|
1 |
|a RU
|b 63413507
|c 20100210
|
| 801 |
|
2 |
|a RU
|b 63413507
|c 20130402
|g RCR
|
| 942 |
|
|
|c CR
|